Hindī-kahānī kī racanā-prakriyā. (Record no. 67472)

MARC details
000 -LEADER
fixed length control field 00636cam a22002411 4500
001 - CONTROL NUMBER
control field sa 66000876
003 - CONTROL NUMBER IDENTIFIER
control field DLC
005 - DATE AND TIME OF LATEST TRANSACTION
control field 20260227112218.0
008 - FIXED-LENGTH DATA ELEMENTS--GENERAL INFORMATION
fixed length control field 890713s1965 ii b 000 0 hino
010 ## - LIBRARY OF CONGRESS CONTROL NUMBER
LC control number sa 66000876
035 ## - SYSTEM CONTROL NUMBER
System control number (OCoLC)20004559
040 ## - CATALOGING SOURCE
Original cataloging agency DLC
Transcribing agency WaU
Modifying agency DLC
042 ## - AUTHENTICATION CODE
Authentication code premarc
043 ## - GEOGRAPHIC AREA CODE
Geographic area code a-ii---
050 00 - LIBRARY OF CONGRESS CALL NUMBER
Classification number PK2042
Item number .S7
100 1# - MAIN ENTRY--PERSONAL NAME
Personal name Śrīvāstava, Paramānanda,
Dates associated with a name 1935-
245 10 - TITLE STATEMENT
Title Hindī-kahānī kī racanā-prakriyā.
260 ## - PUBLICATION, DISTRIBUTION, ETC.
Date of publication, distribution, etc. [1965]
300 ## - PHYSICAL DESCRIPTION
Extent 318 p.
Dimensions 23 cm.
500 ## - GENERAL NOTE
General note In Hindi
504 ## - BIBLIOGRAPHY, ETC. NOTE
Bibliography, etc. note Bibliography: p. [310]-318.
650 #0 - SUBJECT ADDED ENTRY--TOPICAL TERM
Topical term or geographic name entry element Short stories, Hindi
General subdivision History and criticism.

No items available.

Powered by Koha